The house of Commons in debate (Record no. 370137)

000 -LEADER
fixed length control field 00351cam a22001217a 4500
008 - FIXED-LENGTH DATA ELEMENTS--GENERAL INFORMATION
fixed length control field 180718b1950 xxu||||| |||| 00| 0 eng d
082 ## - DEWEY DECIMAL CLASSIFICATION NUMBER
Classification number G22x43 L174
100 ## - MAIN ENTRY--PERSONAL NAME
Personal name Lambert, J.D.
245 ## - TITLE STATEMENT
Title The house of Commons in debate
Statement of responsibility, etc. by J.D. Lambert
260 ## - PUBLICATION, DISTRIBUTION, ETC.
Place of publication, distribution, etc. London
Name of publisher, distributor, etc. Hansard Society
Date of publication, distribution, etc. 1950
300 ## - PHYSICAL DESCRIPTION
Extent 10p.
650 ## - SUBJECT ADDED ENTRY--TOPICAL TERM
Topical term or geographic name entry element U.K. - Parliament - House of Commons
Holdings
Withdrawn status Lost status Damaged status Not for loan Permanent Location Current Location Date acquired Full call number Barcode Date last seen Price effective from Koha item type
        Indian Institute of Public Administration Indian Institute of Public Administration 1994-06-03 G22x43 L174 4706 2018-07-21 2018-07-21 Book

Powered by Koha